|
|
|
|
| LEADER |
01522nam a2200385Ia 4500 |
| 001 |
EBC3014328 |
| 003 |
MiAaPQ |
| 005 |
20200520144314.0 |
| 006 |
m o d | |
| 007 |
cr cn||||||||| |
| 008 |
070104s2006 dcu sb i000 0 eng d |
| 035 |
|
|
|a (MiAaPQ)EBC3014328
|
| 035 |
|
|
|a (Au-PeEL)EBL3014328
|
| 035 |
|
|
|a (CaPaEBR)ebr10380692
|
| 035 |
|
|
|a (CaONFJC)MIL382995
|
| 035 |
|
|
|a (OCoLC)883142276
|
| 040 |
|
|
|a MiAaPQ
|c MiAaPQ
|d MiAaPQ
|
| 050 |
|
4 |
|a HE9762
|b .K44 2006
|
| 100 |
1 |
|
|a Keen, Michael.
|
| 245 |
1 |
0 |
|a Indirect taxes on international aviation
|h [electronic resource] /
|c [prepared by] Michael Keen and Jon Strand.
|
| 260 |
|
|
|a [Washington, D.C.?] :
|b International Monetary Fund,
|c c2006.
|
| 300 |
|
|
|a 56 p.
|
| 490 |
1 |
|
|a IMF working paper ;
|v WP/06/124
|
| 500 |
|
|
|a At head of title: Fiscal Affairs Department.
|
| 500 |
|
|
|a "May 2006."
|
| 504 |
|
|
|a Includes bibliographical references (p. 50-56).
|
| 533 |
|
|
|a Electronic reproduction. Ann Arbor, MI : ProQuest, 2015. Available via World Wide Web. Access may be limited to ProQuest affiliated libraries.
|
| 650 |
|
0 |
|a Aeronautics, Commercial
|x Taxation.
|
| 650 |
|
0 |
|a Indirect taxation
|x Law and legislation
|x International cooperation.
|
| 655 |
|
4 |
|a Electronic books.
|
| 700 |
1 |
|
|a Strand, Jon.
|
| 710 |
2 |
|
|a International Monetary Fund.
|b Fiscal Affairs Dept.
|
| 710 |
2 |
|
|a ProQuest (Firm)
|
| 830 |
|
0 |
|a IMF working paper ;
|v WP/06/124.
|
| 856 |
4 |
0 |
|u https://ebookcentral.proquest.com/lib/matrademy/detail.action?docID=3014328
|z Click to View
|